[Event "Sparkassen-Open A"]
[Site "Heusenstamm, Martinsee"]
[Date "2015.11.28"]
[Round "4.32"]
[White "Neukirchner, Pascal"]
[Black "Schröder, Jürgen"]
[Result "1-0"]
[WhiteElo "1910"]
[BlackElo "2071"]
[PlyCount "67"]
[EventDate "2015.??.??"]
[WhiteTeam "SK Gründau"]
[BlackTeam "SC Matt im Park"]

1. d4 g6 2. c4 Bg7 3. Nc3 d6 4. e4 Nc6 5. Be3 e5 6. d5 Nce7 7. c5 f5 8. Bb5+
Kf8 9. Nf3 Nf6 10. Ng5 h6 11. Ne6+ Bxe6 12. dxe6 d5 13. exd5 Nexd5 14. Qb3 Nxc3
15. bxc3 Qd5 16. Bc4 Qc6 17. O-O-O Ke7 18. f4 e4 19. Bd4 Rhd8 20. g4 fxg4 21.
Rhf1 Nh5 22. f5 Bxd4 23. cxd4 g5 24. f6+ Nxf6 25. Rf5 b5 26. cxb6 axb6 27. d5
Qd6 28. Rdf1 Rf8 29. a4 c6 30. Qc3 cxd5 31. Rxf6 dxc4 32. Rxf8 Rxf8 33. Qg7+
Ke8 34. Rxf8+ 1-0

[Event "Sparkassen-Open A"]
[Site "Heusenstamm, Martinsee"]
[Date "2015.11.28"]
[Round "4.33"]
[White "Lasschuit, Rene"]
[Black "Held, Carsten"]
[Result "0-1"]
[WhiteElo "1726"]
[BlackElo "2065"]
[PlyCount "114"]
[EventDate "2015.??.??"]
[WhiteTeam "SV Berolina Mitte"]
[BlackTeam "SC Ladja Roßdorf"]

1. d4 Nf6 2. Nf3 g6 3. Bf4 c5 4. e3 Bg7 5. Be2 O-O 6. O-O b6 7. c4 cxd4 8. Nxd4
Bb7 9. Nc3 Nc6 10. Bf3 Rc8 11. Qd2 d6 12. b3 Qd7 13. Rad1 Nxd4 14. Bxb7 Qxb7
15. exd4 d5 16. cxd5 Nxd5 17. Nxd5 Qxd5 18. Bh6 Bxh6 19. Qxh6 Rc3 20. Rd2 Rd8
21. Rfd1 Qf5 22. h3 Rd5 23. Qh4 Qd7 24. Qf4 b5 25. Rd3 Rc2 26. R3d2 Rc6 27. Qe3
b4 28. Rd3 Ra6 29. R3d2 e6 30. Qe2 Rad6 31. Qe3 h5 32. f4 Qc6 33. Rd3 Qc7 34.
R1d2 Ra6 35. Rf2 Rda5 36. Rdd2 Qc1+ 37. Rf1 Qc6 38. Rff2 Qd7 39. Kh2 Qc7 40.
Kg1 Rc6 41. Rd3 Rc1+ 42. Kh2 Ra1 43. Rdd2 Qc1 44. Kg3 R5xa2 45. Qe2 Qc3+ 46.
Qd3 Rxd2 47. Rxd2 Rb1 48. Kf2 Rxb3 49. Qxc3 Rxc3 50. Ra2 Ra3 51. Rb2 b3 52. Ke3
a5 53. Kd3 a4 54. Kc3 Ra1 55. Kb4 Ra2 56. Kc3 Rxb2 57. Kxb2 h4 0-1

[Event "Sparkassen-Open A"]
[Site "Heusenstamm, Martinsee"]
[Date "2015.11.28"]
[Round "4.34"]
[White "Weil, Volker"]
[Black "Foskanyan, Serzhik"]
[Result "1-0"]
[WhiteElo "2065"]
[BlackElo "1911"]
[PlyCount "79"]
[EventDate "2015.??.??"]
[WhiteTeam "SC Steinbach"]
[BlackTeam "SV Mainz-Mombach"]

1. d4 Nf6 2. Nf3 e6 3. g3 d5 4. Bg2 b6 5. O-O Be7 6. c4 O-O 7. Nc3 c6 8. Ne5
Bb7 9. Qd3 Nfd7 10. Nf3 Na6 11. b3 dxc4 12. bxc4 c5 13. d5 Nb4 14. Qd2 exd5 15.
cxd5 Nf6 16. e4 Ba6 17. Rd1 Rc8 18. d6 Ng4 19. dxe7 Qxe7 20. Qg5 Qxg5 21. Bxg5
h6 22. h3 hxg5 23. hxg4 f6 24. Ne1 Nc6 25. f4 Bc4 26. Nd5 Rfe8 27. Kf2 b5 28.
Ne3 Be6 29. Nf5 Bxf5 30. gxf5 c4 31. Rd6 Red8 32. Rad1 Rxd6 33. Rxd6 Rc7 34. e5
Ne7 35. Rd8+ Kh7 36. fxg5 fxe5 37. Be4 Nc6 38. f6+ g6 39. Bxc6 b4 40. Bd5 1-0

[Event "Sparkassen-Open A"]
[Site "Heusenstamm, Martinsee"]
[Date "2015.11.28"]
[Round "4.36"]
[White "Rochau, Normen"]
[Black "Schwarz, Dusan"]
[Result "0-1"]
[WhiteElo "1912"]
[BlackElo "2315"]
[PlyCount "122"]
[EventDate "2015.??.??"]
[WhiteTeam "Karlsruher SF"]
[BlackTeam "Sk Doprastav Bratislava"]

1. e4 d5 2. exd5 Qxd5 3. Nc3 Qa5 4. d4 c6 5. Nf3 Nf6 6. Bd2 Bf5 7. Ne4 Qb6 8.
Nxf6+ gxf6 9. b3 Nd7 10. g3 Be4 11. c3 Bg7 12. Qe2 f5 13. Bg2 e6 14. O-O Nf6
15. Rac1 O-O 16. Ne5 Bxg2 17. Kxg2 Qc7 18. Nd3 Rfd8 19. Bf4 Qe7 20. Be5 Bh6 21.
Bxf6 Qxf6 22. f4 Bg7 23. Qf3 Qe7 24. Rfe1 Qd6 25. Re2 Qd5 26. Nb4 Qxf3+ 27.
Kxf3 c5 28. dxc5 a5 29. Nc2 Bxc3 30. Ne1 Bb4 31. Ke3 Rd5 32. Nd3 Ba3 33. Rcc2
Rc8 34. c6 bxc6 35. Ne5 Kg7 36. Kf3 a4 37. bxa4 Rd4 38. Rxc6 Rxc6 39. Nxc6 Rxa4
40. Ne5 Bd6 41. Rc2 Ra3+ 42. Kg2 Bxe5 43. fxe5 Re3 44. Rc5 Re2+ 45. Kf3 Rxa2
46. h3 Rh2 47. h4 Rh1 48. Ra5 Re1 49. Rb5 Re4 50. Ra5 Kg6 51. Rb5 h5 52. Ra5
Rg4 53. Ra8 f4 54. gxf4 Kf5 55. Ra4 Rxh4 56. Ke3 Rg4 57. Ra7 Rg7 58. Ra1 Rg3+
59. Kf2 Rg4 60. Rh1 Rxf4+ 61. Ke3 h4 0-1

[Event "Sparkassen-Open A"]
[Site "Heusenstamm, Martinsee"]
[Date "2015.11.28"]
[Round "4.37"]
[White "Hinrichs, Hans-Uwe"]
[Black "Lotz, Ralf"]
[Result "1-0"]
[WhiteElo "2167"]
[BlackElo "1904"]
[PlyCount "91"]
[EventDate "2015.??.??"]
[WhiteTeam "SK Bingen"]
[BlackTeam "SC Obertshausen"]

1. Nc3 d5 2. e4 dxe4 3. Nxe4 Nf6 4. Nxf6+ exf6 5. Bc4 Qd4 6. d3 Qg4 7. Qxg4
Bxg4 8. Bf4 Bd6 9. Bxd6 cxd6 10. Bd5 Nc6 11. c3 O-O 12. Kd2 Rfe8 13. d4 Re7 14.
Bf3 h5 15. h3 Bxf3 16. Nxf3 Rae8 17. Rhe1 g5 18. b3 Kg7 19. Rxe7 Rxe7 20. Re1
Rxe1 21. Nxe1 f5 22. Nd3 Kf6 23. f4 g4 24. h4 Ke6 25. Ke3 Ne7 26. c4 Ng6 27. g3
Nf8 28. Nb4 Nd7 29. Nd5 Nf8 30. Kd3 Nd7 31. b4 Nf8 32. Kc3 Nd7 33. Kb3 Nf8 34.
Ka4 Nd7 35. Kb5 Nb8 36. Ne3 Nd7 37. a4 Nb8 38. a5 Kf6 39. d5 Na6 40. c5 Nc7+
41. Kc4 Ne8 42. c6 bxc6 43. dxc6 Nc7 44. Nd5+ Nxd5 45. Kxd5 Ke7 46. b5 1-0

[Event "Sparkassen-Open A"]
[Site "Heusenstamm, Martinsee"]
[Date "2015.11.28"]
[Round "4.38"]
[White "Budde, Michael"]
[Black "Schmidt, Markus a"]
[Result "1-0"]
[WhiteElo "1903"]
[BlackElo "2118"]
[PlyCount "119"]
[EventDate "2015.??.??"]
[WhiteTeam "SC Flörsheim"]
[BlackTeam "SK Turm Bad Hersfeld"]

1. d4 Nf6 2. Bf4 g6 3. e3 Bg7 4. Nf3 O-O 5. Be2 d6 6. O-O c5 7. c3 b6 8. Nbd2
Bb7 9. Re1 Nh5 10. Bg5 h6 11. Bh4 g5 12. Bg3 Nd7 13. Qb3 Nxg3 14. hxg3 e6 15.
a4 a6 16. Rad1 Qc7 17. Nh2 Rac8 18. Bf3 d5 19. Rc1 Qd6 20. Qa3 e5 21. Nc4 Qc7
22. Nxe5 Nxe5 23. dxe5 Bxe5 24. e4 d4 25. cxd4 Bxd4 26. Ng4 Bg7 27. e5 Rfe8 28.
Bxb7 Qxb7 29. Rcd1 Rc6 30. Qf3 Qc8 31. Rd5 Rce6 32. Red1 h5 33. Rd7 R6e7 34.
Rxe7 Rxe7 35. Nf6+ Bxf6 36. Qxf6 Qe8 37. Qxg5+ Kf8 38. Qf6 Rd7 39. Qh8+ Ke7 40.
Qf6+ Kf8 41. Rxd7 Qxd7 42. Qxb6 Qxa4 43. Qxc5+ Kg8 44. Qc8+ Kg7 45. Qc3 Kg8 46.
b3 Qa3 47. Qe3 Qe7 48. Qd4 a5 49. f4 Qe6 50. Qd8+ Kh7 51. Qxa5 Qxb3 52. Kh2 Qe6
53. Qd8 Qg4 54. Qf6 Kg8 55. Qg5+ Kh7 56. Qxg4 hxg4 57. Kg1 Kg6 58. Kf2 f5 59.
exf6 Kxf6 60. Ke3 1-0

[Event "Sparkassen-Open A"]
[Site "Heusenstamm, Martinsee"]
[Date "2015.11.28"]
[Round "4.39"]
[White "Rosenberger, Frank"]
[Black "Larem, Peter"]
[Result "1-0"]
[WhiteElo "2070"]
[BlackElo "1860"]
[PlyCount "63"]
[EventDate "2015.??.??"]
[WhiteTeam "SK Gernsheim"]
[BlackTeam "SG Rödermark"]

1. e4 e5 2. Nf3 Nf6 3. d4 Nxe4 4. Bd3 d5 5. Nxe5 Nd7 6. Qe2 Nxe5 7. Bxe4 dxe4
8. Qxe4 Bd6 9. dxe5 O-O 10. Bf4 Re8 11. Nc3 Bd7 12. O-O-O f6 13. Qd5+ Be6 14.
Qd4 fxe5 15. Bxe5 Qg5+ 16. f4 Bxe5 17. Qxe5 Qxe5 18. fxe5 a6 19. Rhe1 Bg4 20.
Rd4 Be6 21. b3 Rad8 22. Ne2 Rxd4 23. Nxd4 Kf7 24. Re3 Bd5 25. g3 Be6 26. h4 Rd8
27. Ne2 h6 28. h5 Ke7 29. Nf4 Bg4 30. Rd3 Re8 31. c4 Rf8 32. Ng6+ 1-0

[Event "Sparkassen-Open A"]
[Site "Heusenstamm, Martinsee"]
[Date "2015.11.28"]
[Round "4.40"]
[White "Pawelzik, Malte"]
[Black "Mager, Thomas"]
[Result "1-0"]
[WhiteElo "2056"]
[BlackElo "1838"]
[PlyCount "47"]
[EventDate "2015.??.??"]
[WhiteTeam "SC Garching"]
[BlackTeam "vereinslos"]

1. e4 e6 2. d4 d5 3. Nc3 Nc6 4. Nf3 Nf6 5. Bd3 Bb4 6. e5 Ne4 7. Bd2 Nxd2 8.
Qxd2 h6 9. a3 Be7 10. Ne2 O-O 11. c3 Na5 12. Bc2 c5 13. dxc5 Qc7 14. Qd3 g6 15.
Nf4 Bg5 16. Qd4 Nc6 17. Qe3 a5 18. Nxg5 hxg5 19. Nd3 Qe7 20. h4 Bd7 21. hxg5
Kg7 22. f4 Rad8 23. O-O-O Bc8 24. Rh6 1-0

[Event "Sparkassen-Open A"]
[Site "Heusenstamm, Martinsee"]
[Date "2015.11.28"]
[Round "4.41"]
[White "Kolker, Vladislav"]
[Black "van den Hoff, Damien"]
[Result "1-0"]
[WhiteElo "2029"]
[BlackElo "1836"]
[PlyCount "93"]
[EventDate "2015.??.??"]
[WhiteTeam "SC Bad Nauheim"]
[BlackTeam "vereinslos"]

1. e4 e5 2. Nf3 Nc6 3. d4 exd4 4. Bc4 Nf6 5. e5 d5 6. Bb5 Ne4 7. Nxd4 Bd7 8.
Bxc6 bxc6 9. O-O Bc5 10. f3 Ng5 11. f4 Ne4 12. Be3 Bb6 13. Nd2 Nxd2 14. Qxd2 c5
15. Nf3 d4 16. Bf2 Bc6 17. Bh4 Qd7 18. c4 Qg4 19. h3 Qh5 20. Bg3 O-O-O 21. Ne1
f5 22. Nd3 a5 23. b3 Rde8 24. a3 Be4 25. b4 cxb4 26. axb4 Bxd3 27. Qxd3 axb4
28. c5 Bxc5 29. Ra8+ Kd7 30. Qb5+ Ke6 31. Ra6+ Bb6 32. Rc1 Kf7 33. Qd5+ Kf8 34.
Be1 Qf7 35. Bxb4+ Kg8 36. e6 Qg6 37. Bc5 h6 38. Bxb6 cxb6 39. Rxb6 Kh7 40. Re1
Qf6 41. Re5 Rd8 42. Qc5 Rc8 43. Qxd4 Rhd8 44. Rd6 Rc1+ 45. Kh2 Rdc8 46. e7 Qh4
47. e8=Q 1-0

[Event "Sparkassen-Open A"]
[Site "Heusenstamm, Martinsee"]
[Date "2015.11.28"]
[Round "4.42"]
[White "Martin, Reiner"]
[Black "Schellen, Sven"]
[Result "1-0"]
[WhiteElo "2021"]
[BlackElo "1813"]
[PlyCount "59"]
[EventDate "2015.??.??"]
[WhiteTeam "SC Bad Soden"]
[BlackTeam "SF Frankfurt"]

1. c4 Nf6 2. g3 e6 3. Bg2 d5 4. Nf3 c5 5. O-O Nc6 6. b3 Be7 7. d3 O-O 8. Bb2 d4
9. e4 dxe3 10. fxe3 Ng4 11. Qe2 Bf6 12. Bxf6 Nxf6 13. Nc3 Qe7 14. d4 Rd8 15.
Rad1 cxd4 16. exd4 Qb4 17. Ne4 Nxe4 18. Qxe4 Qa5 19. Qf4 f6 20. Qe4 e5 21. dxe5
Rxd1 22. Rxd1 fxe5 23. Ng5 g6 24. Qh4 Qc5+ 25. Kh1 Qe7 26. Bd5+ Kh8 27. Nf7+
Kg8 28. Ng5+ Kh8 29. Qh6 Nd8 30. Bf7 1-0

[Event "Sparkassen-Open A"]
[Site "Heusenstamm, Martinsee"]
[Date "2015.11.28"]
[Round "4.44"]
[White "Rüll, Michael"]
[Black "Schultze, Jörg-Martin"]
[Result "0-1"]
[WhiteElo "1759"]
[BlackElo "2005"]
[PlyCount "82"]
[EventDate "2015.??.??"]
[WhiteTeam "SC Obertshausen"]
[BlackTeam "SF Anderssen Wetzlar"]

1. d4 Nf6 2. Bf4 c5 3. c3 d5 4. e3 Nc6 5. Nf3 Bg4 6. Nbd2 e6 7. h3 Bh5 8. Qa4
Bxf3 9. Nxf3 c4 10. Ne5 Be7 11. Be2 a6 12. O-O b5 13. Nxc6 Qb6 14. Qc2 Qxc6 15.
a4 Kd7 16. axb5 axb5 17. b4 Ra6 18. Ra5 Rxa5 19. bxa5 Ra8 20. Ra1 Bd8 21. Bg5
Ne4 22. Bxd8 Kxd8 23. f3 Nf6 24. Qa2 Ra6 25. Qa3 Ne8 26. Rb1 Nd6 27. Qc5 Kd7
28. e4 dxe4 29. Qxc6+ Kxc6 30. fxe4 Nxe4 31. Bf3 f5 32. g4 Rxa5 33. Re1 Kd5 34.
gxf5 exf5 35. Rb1 Kd6 36. Bxe4 fxe4 37. Re1 Ra3 38. Rxe4 Rxc3 39. h4 b4 40. Kf2
b3 41. Re2 Rc2 0-1

[Event "Sparkassen-Open A"]
[Site "Heusenstamm, Martinsee"]
[Date "2015.11.28"]
[Round "4.45"]
[White "Calder, Dennis"]
[Black "Falkenhainer, Sven"]
[Result "1-0"]
[WhiteElo "2000"]
[BlackElo "1736"]
[PlyCount "87"]
[EventDate "2015.??.??"]
[WhiteTeam "SC Bad Nauheim"]
[BlackTeam "SC Bergen-Enkheim"]

1. d4 e6 2. Nf3 d5 3. c4 Nf6 4. Nc3 Be7 5. Bf4 c6 6. e3 O-O 7. Qc2 Nbd7 8. a3
dxc4 9. Bxc4 Nb6 10. Ba2 Nbd5 11. Bg5 Nxc3 12. bxc3 Nd5 13. Bb1 f5 14. Bxe7
Qxe7 15. O-O Rf6 16. c4 Nb6 17. c5 Nd5 18. Ne5 Rh6 19. g3 Qg5 20. Qe2 Qe7 21.
Bd3 Bd7 22. Rfc1 Rf8 23. Rab1 Bc8 24. Rb3 g5 25. e4 fxe4 26. Bxe4 Rhf6 27. Ng4
R6f7 28. Nh6+ Kg7 29. Nxf7 Rxf7 30. Bxd5 exd5 31. Qxe7 Rxe7 32. Re3 Rxe3 33.
fxe3 h5 34. h4 g4 35. Rf1 Bd7 36. Rf4 Bc8 37. Kf2 b6 38. e4 Be6 39. Ke3 b5 40.
exd5 Bxd5 41. Rf5 Bf7 42. Kf4 Kg6 43. Ke5 Bd5 44. Rg5+ 1-0

[Event "Sparkassen-Open A"]
[Site "Heusenstamm, Martinsee"]
[Date "2015.11.28"]
[Round "4.47"]
[White "Libuda, Thomas"]
[Black "Weise, Martin"]
[Result "0-1"]
[WhiteElo "1846"]
[BlackElo "2155"]
[PlyCount "29"]
[EventDate "2015.??.??"]
[WhiteTeam "1. Hainstadter SC"]
[BlackTeam "SC Fulda"]

1. d4 Nf6 2. Nf3 e6 3. e3 c5 4. Bd3 b6 5. Nbd2 Bb7 6. O-O Nc6 7. c3 Rc8 8. Qe2
Be7 9. Re1 Qc7 10. e4 cxd4 11. cxd4 Nb4 12. Bb1 Qxc1 13. Rxc1 Rxc1+ 14. Ne1 Ba6
15. Nb3 0-1

[Event "Sparkassen-Open A"]
[Site "Heusenstamm, Martinsee"]
[Date "2015.11.28"]
[Round "4.48"]
[White "Mährlein, Christoph"]
[Black "Berner, Manfred"]
[Result "1-0"]
[WhiteElo "2106"]
[BlackElo "1761"]
[PlyCount "131"]
[EventDate "2015.??.??"]
[WhiteTeam "SC Pforzheim"]
[BlackTeam "Sfr. Kelkheim"]

1. d4 e6 2. c4 f5 3. Nf3 Nf6 4. g3 d5 5. Bg2 c6 6. O-O Be7 7. Bf4 O-O 8. Nbd2
Ne4 9. Ne5 g5 10. Nxe4 gxf4 11. Nc3 fxg3 12. hxg3 Nd7 13. Nd3 dxc4 14. Nf4 Nb6
15. e4 Bf6 16. exf5 exf5 17. d5 cxd5 18. Nfxd5 Nxd5 19. Bxd5+ Kh8 20. Qf3 Bd7
21. Kg2 Bc6 22. Bxc6 bxc6 23. Rh1 Qd3 24. Qh5 f4 25. Rad1 f3+ 26. Kg1 Qc2 27.
Rd7 Bg7 28. Qg4 Qc1+ 29. Nd1 Rg8 30. Qxf3 Rad8 31. Qxc6 Rb8 32. Kg2 Rb6 33. Qd5
Rf8 34. Qd2 Qb1 35. Qe2 Qf5 36. Re7 Ra6 37. Rh5 Qd3 38. Qxd3 cxd3 39. Rd5 Rxa2
40. Rdd7 Rg8 41. Rxa7 Rxa7 42. Rxa7 Rb8 43. Ra2 d2 44. Kf3 Re8 45. b4 Bh6 46.
b5 Re1 47. Ra8+ Kg7 48. Ra1 Re6 49. Rb1 Rb6 50. Ke2 Kf6 51. f4 Bf8 52. Kxd2 Ke6
53. Ne3 Bc5 54. Nc4 Rb7 55. Kd3 Kf5 56. Ne5 Bf2 57. Nc4 Rd7+ 58. Ke2 Bxg3 59.
b6 Bxf4 60. b7 Rd8 61. Na5 Re8+ 62. Kd3 h5 63. Nc6 Re3+ 64. Kd4 h4 65. Rb5+ Kg4
66. b8=Q 1-0

[Event "Sparkassen-Open A"]
[Site "Heusenstamm, Martinsee"]
[Date "2015.11.28"]
[Round "4.49"]
[White "Mueller, Thorsten"]
[Black "Hahn, Florian"]
[Result "1/2-1/2"]
[WhiteElo "2112"]
[BlackElo "2149"]
[PlyCount "66"]
[EventDate "2015.??.??"]
[WhiteTeam "VSG Offenbach"]
[BlackTeam "SC Herborn"]

1. d4 Nf6 2. Nf3 g6 3. Bf4 Bg7 4. e3 O-O 5. Be2 d6 6. h3 c5 7. c3 b6 8. O-O Bb7
9. a4 a6 10. Nbd2 Nbd7 11. Bh2 Ra7 12. b4 cxb4 13. cxb4 Qa8 14. Nc4 Bd5 15. a5
b5 16. Nb6 Nxb6 17. axb6 Rb7 18. Bxb5 Rxb6 19. Be2 Ne4 20. Qd3 Rxb4 21. Qxa6
Qxa6 22. Bxa6 Rfb8 23. Bf4 h6 24. Bd3 g5 25. Bxe4 Bxe4 26. Bg3 Bxf3 27. gxf3 f5
28. Ra7 R8b7 29. Rxb7 Rxb7 30. f4 Rb3 31. Kg2 Kf7 32. Rd1 d5 33. Ra1 Rb7
1/2-1/2

[Event "Sparkassen-Open A"]
[Site "Heusenstamm, Martinsee"]
[Date "2015.11.28"]
[Round "4.50"]
[White "Bahlke, Florian"]
[Black "Tornay Gomez, Josu"]
[Result "0-1"]
[WhiteElo "1836"]
[BlackElo "2100"]
[PlyCount "84"]
[EventDate "2015.??.??"]
[WhiteTeam "SF Dettingen"]
[BlackTeam "SC Herborn"]

1. c4 e5 2. g3 Nc6 3. Bg2 f5 4. Nc3 Nf6 5. d3 Bc5 6. e3 O-O 7. Nge2 d6 8. a3 a6
9. O-O Qe8 10. b4 Bb6 11. Nd5 Nxd5 12. Bxd5+ Be6 13. Nc3 Nd8 14. d4 Qg6 15. c5
Ba7 16. f4 e4 17. Qb3 Kh8 18. cxd6 cxd6 19. Bd2 Rc8 20. Rac1 Qf7 21. Bxe6 Nxe6
22. Qd5 Rc7 23. Ne2 Nxd4 24. Qxf7 Nxe2+ 25. Kf2 Rfxf7 26. Kxe2 Kg8 27. Rfd1 Kf8
28. Bc3 Ke7 29. Bb2 Rxc1 30. Rxc1 Kd7 31. Kd2 g6 32. Ke2 Rf8 33. Kd2 Rc8 34.
Rxc8 Kxc8 35. h3 Kc7 36. g4 Kc6 37. a4 Kd5 38. a5 Kc4 39. Bc3 Bxe3+ 40. Kxe3
Kxc3 41. gxf5 gxf5 42. Kf2 Kd3 0-1

[Event "Sparkassen-Open A"]
[Site "Heusenstamm, Martinsee"]
[Date "2015.11.28"]
[Round "4.51"]
[White "Kreiling, Carsten"]
[Black "Christen, Stefan"]
[Result "1-0"]
[WhiteElo "2081"]
[BlackElo "1820"]
[PlyCount "81"]
[EventDate "2015.??.??"]
[WhiteTeam "SVG Eppstein"]
[BlackTeam "SV Wesel"]

1. d4 c5 2. d5 d6 3. c4 e5 4. e4 Be7 5. g3 Bg5 6. Bg2 Bxc1 7. Qxc1 f5 8. Nc3
Nf6 9. Nge2 O-O 10. O-O Na6 11. a3 Nc7 12. b4 b6 13. f4 Qe7 14. exf5 Bxf5 15.
Qd2 Nd7 16. Rae1 h6 17. Nc1 Rae8 18. h3 Qd8 19. g4 Bg6 20. f5 Bf7 21. Ne4 Nf6
22. Ne2 Nxe4 23. Bxe4 Qg5 24. Qxg5 hxg5 25. Ng3 Rd8 26. bxc5 bxc5 27. Rb1 Rb8
28. Rxb8 Rxb8 29. Rb1 Rb6 30. Bd3 Ra6 31. Rb3 Be8 32. Ne4 Ba4 33. Rb8+ Be8 34.
Rb3 Ba4 35. Rb8+ Be8 36. Nxg5 Rxa3 37. Ne6 Nxe6 38. fxe6 Rxd3 39. Rxe8+ Kh7 40.
e7 Rd1+ 41. Kf2 1-0

[Event "Sparkassen-Open A"]
[Site "Heusenstamm, Martinsee"]
[Date "2015.11.28"]
[Round "4.53"]
[White "Hinrichs, Paul"]
[Black "Kalepky, Helmut"]
[Result "1/2-1/2"]
[WhiteElo "1711"]
[BlackElo "2064"]
[PlyCount "115"]
[EventDate "2015.??.??"]
[WhiteTeam "SK Bingen"]
[BlackTeam "SF Heidesheim"]

1. d4 Nf6 2. c4 e6 3. Nc3 Bb4 4. e3 b6 5. Bd3 Bb7 6. Nf3 O-O 7. O-O Bxc3 8.
bxc3 Ne4 9. Qc2 f5 10. Nd2 Nxd2 11. Bxd2 Qh4 12. Rae1 Be4 13. f3 Bxd3 14. Qxd3
Nc6 15. e4 d6 16. exf5 exf5 17. Rf2 Rf7 18. Rfe2 Raf8 19. Re6 Nd8 20. Re8 Qh5
21. Qe2 h6 22. Bc1 Rd7 23. Re7 Rxe7 24. Qxe7 Qf7 25. c5 Nc6 26. Qxf7+ Kxf7 27.
cxd6 cxd6 28. Bf4 d5 29. h4 Re8 30. Rxe8 Kxe8 31. Kf2 b5 32. Be5 Kf7 33. a3 g6
34. Bf4 h5 35. Bc1 Ke6 36. g3 Kd6 37. Ke3 Nd8 38. Kd3 Kc6 39. Kc2 Ne6 40. Kd3
Kb6 41. Kc2 a5 42. Kb3 Nd8 43. Bg5 Nc6 44. Be3 a4+ 45. Kc2 Kc7 46. Kd3 Nd8 47.
Bc1 Ne6 48. Ke3 Kd6 49. Kd3 Nd8 50. Ke3 Ne6 51. Kd3 Nd8 52. Bg5 Nc6 53. Bc1 Na5
54. Ke3 Ke6 55. Kd3 Nc4 56. f4 Kd6 57. Kc2 Kc6 58. Kd3 1/2-1/2

[Event "Sparkassen-Open A"]
[Site "Heusenstamm, Martinsee"]
[Date "2015.11.28"]
[Round "4.54"]
[White "Weiland, Thomas"]
[Black "Schneider, Johannes"]
[Result "0-1"]
[WhiteElo "1812"]
[BlackElo "1998"]
[PlyCount "108"]
[EventDate "2015.??.??"]
[WhiteTeam "SV Oberursel"]
[BlackTeam "SV Mainz-Mombach"]

1. f4 d5 2. Nf3 Nf6 3. e3 g6 4. b3 Bg7 5. Bb2 O-O 6. Be2 c5 7. O-O Nc6 8. c3
Re8 9. d4 cxd4 10. exd4 Bg4 11. Ne5 Bxe2 12. Qxe2 Nd7 13. Nd2 f6 14. Nxc6 bxc6
15. Qe6+ Kf8 16. Qxc6 Nb6 17. Qe6 Rc8 18. Qh3 Kg8 19. Nf3 Qd7 20. Qxd7 Nxd7 21.
Rae1 e5 22. fxe5 fxe5 23. dxe5 Nxe5 24. Nxe5 Rxe5 25. Rxe5 Bxe5 26. Rc1 Kf7 27.
g3 h5 28. Kg2 Rc6 29. Rf1+ Ke6 30. Rf3 a5 31. a3 a4 32. b4 Rc4 33. h3 g5 34.
Kf1 g4 35. hxg4 hxg4 36. Re3 Kf5 37. Rd3 Ke4 38. Ke2 d4 39. cxd4 Rc2+ 40. Rd2
Rxd2+ 41. Kxd2 Bxg3 42. Ke2 Bf4 43. Kf2 Kd3 44. d5 Kc4 45. Bf6 Kxd5 46. Bh4 Bc1
47. Kg3 Bxa3 48. b5 Bd6+ 49. Kxg4 a3 50. b6 Be5 51. b7 a2 52. Bf6 a1=Q 53. b8=Q
Qa4+ 54. Kh5 Bxb8 0-1

[Event "Sparkassen-Open A"]
[Site "Heusenstamm, Martinsee"]
[Date "2015.11.28"]
[Round "4.55"]
[White "Bjoerknes, Uwe"]
[Black "Jordake, Michael"]
[Result "1/2-1/2"]
[WhiteElo "1964"]
[BlackElo "1810"]
[PlyCount "78"]
[EventDate "2015.??.??"]
[WhiteTeam "vereinslos"]
[BlackTeam "SC Bergen-Enkheim"]

1. e4 e5 2. Nf3 Nc6 3. Bb5 Nf6 4. O-O d6 5. Re1 Bd7 6. c3 Be7 7. d4 O-O 8. Bxc6
Bxc6 9. d5 Bd7 10. c4 Re8 11. Nc3 Qc8 12. Bg5 a6 13. Rc1 Qd8 14. Bxf6 Bxf6 15.
b4 Bg4 16. h3 Bd7 17. Qb3 Be7 18. Re2 Kh8 19. Kh2 f5 20. exf5 Bxf5 21. Ne4 Bh4
22. Qe3 h6 23. c5 Be7 24. Ng3 Bg6 25. c6 b6 26. a4 a5 27. b5 Bf6 28. Ne4 Bxe4
29. Qxe4 Qe7 30. Rc4 Rf8 31. Qg6 Qf7 32. Qxf7 Rxf7 33. Nd2 Raf8 34. Ne4 Kh7 35.
Rc3 Be7 36. f3 Rf4 37. Rc4 h5 38. Nd2 h4 39. Rxf4 Rxf4 1/2-1/2

[Event "Sparkassen-Open A"]
[Site "Heusenstamm, Martinsee"]
[Date "2015.11.28"]
[Round "4.56"]
[White "Cichy, Michael"]
[Black "Bengsch, Norbert"]
[Result "1/2-1/2"]
[WhiteElo "1957"]
[BlackElo "1800"]
[PlyCount "30"]
[EventDate "2015.??.??"]
[WhiteTeam "SC BS Gliesmarode"]
[BlackTeam "SG Donautal Tuttlingen"]

1. d4 f5 2. Nf3 Nf6 3. g3 e6 4. Bg2 Be7 5. O-O O-O 6. c4 d6 7. Nc3 Ne4 8. Qc2
Nxc3 9. Qxc3 Bf6 10. Be3 a5 11. Rad1 Nd7 12. Qd2 Qe8 13. Ng5 Bxg5 14. Bxg5 Nf6
15. Bxf6 Rxf6 1/2-1/2

[Event "Sparkassen-Open A"]
[Site "Heusenstamm, Martinsee"]
[Date "2015.11.28"]
[Round "4.57"]
[White "Neubauer, Robert"]
[Black "Wolff, Peter"]
[Result "0-1"]
[WhiteElo "1810"]
[BlackElo "1957"]
[PlyCount "136"]
[EventDate "2015.??.??"]
[WhiteTeam "SK Bad Homburg"]
[BlackTeam "VSG Offenbach"]

1. e4 c6 2. d4 d5 3. Nc3 dxe4 4. Nxe4 Bf5 5. Ng3 Bg6 6. Nf3 Nd7 7. Be2 e6 8.
Bf4 Ngf6 9. Nh4 Nd5 10. Nxg6 hxg6 11. Bd2 Qb6 12. c4 N5f6 13. Bc3 Bb4 14. Qd2
Bxc3 15. Qxc3 a5 16. O-O g5 17. h3 Rh4 18. Rfd1 g4 19. hxg4 Nxg4 20. Ne4 Ke7
21. g3 Qc7 22. d5 Rah8 23. Bxg4 Rh1+ 24. Kg2 R8h2+ 25. Kf3 Ne5+ 26. Ke2 Rxd1
27. Rxd1 cxd5 28. Qa3+ Ke8 29. Qa4+ Qc6 30. Nd6+ Kd7 31. Nxb7 Qxa4 32. Nc5+ Kc6
33. Nxa4 Nxg4 34. cxd5+ exd5 35. Kf3 Nxf2 36. Rc1+ Kd6 37. Rc5 Nd3 38. Rxa5
Nxb2 39. Ra6+ Ke5 40. Nc5 d4 41. Ne4 d3 42. Ra7 Ke6 43. Ra6+ Ke5 44. Ra7 f6 45.
Rxg7 d2 46. Nxd2 Rxd2 47. Re7+ Kf5 48. Re2 Rd3+ 49. Re3 Rd4 50. Ra3 Nc4 51. Ra8
Rd3+ 52. Kf2 Rd2+ 53. Kf3 Ne5+ 54. Ke3 Rg2 55. a4 Rxg3+ 56. Kf2 Ra3 57. Ra6 Ke4
58. Ra8 f5 59. a5 f4 60. a6 Ra2+ 61. Kf1 f3 62. Rb8 Rxa6 63. Rb4+ Ke3 64. Rb3+
Nd3 65. Rb1 Rh6 66. Kg1 f2+ 67. Kg2 Rg6+ 68. Kh2 Kf3 0-1

[Event "Sparkassen-Open A"]
[Site "Heusenstamm, Martinsee"]
[Date "2015.11.28"]
[Round "4.58"]
[White "Modric, Vladimir"]
[Black "Theuer, Carsten"]
[Result "0-1"]
[WhiteElo "1945"]
[BlackElo "1788"]
[PlyCount "114"]
[EventDate "2015.??.??"]
[WhiteTeam "SC Nied"]
[BlackTeam "VSG Offenbach"]

1. g3 d5 2. Bg2 Nf6 3. f4 c5 4. Nf3 Nc6 5. O-O Bg4 6. d3 Qb6 7. c3 e6 8. Na3
c4+ 9. Kh1 Bxa3 10. bxa3 cxd3 11. exd3 O-O 12. a4 Rfe8 13. Qb3 Qc7 14. Ba3 b6
15. Rac1 Rac8 16. Rfe1 Bxf3 17. Bxf3 Nd7 18. Bg2 Nc5 19. Qd1 Na5 20. Bb4 Nab7
21. c4 dxc4 22. Rxc4 Qd7 23. d4 Nxa4 24. Rxc8 Rxc8 25. Qf3 Na5 26. f5 Nc6 27.
fxe6 fxe6 28. Ba3 Nxd4 29. Qf4 Nc2 30. Bh3 Qd5+ 31. Kg1 Qd4+ 32. Qxd4 Nxd4 33.
Rd1 Nf3+ 34. Kg2 Ng5 35. Bg4 Rc2+ 36. Kg1 Nc5 37. Bxc5 Rxc5 38. h4 Ne4 39.
Bxe6+ Kf8 40. Kg2 Ke7 41. Bb3 Nf6 42. Re1+ Kd6 43. Rd1+ Kc7 44. Re1 Kb7 45.
Re7+ Rc7 46. Re1 a5 47. Ba4 Nd5 48. Kf3 Nc3 49. Bb3 a4 50. Bg8 h6 51. Kf4 Ka6
52. Kf5 Rc6 53. Re6 Rxe6 54. Bxe6 b5 55. Kg6 b4 56. Kxg7 Nxa2 57. Kxh6 Nc3 0-1

[Event "Sparkassen-Open A"]
[Site "Heusenstamm, Martinsee"]
[Date "2015.11.28"]
[Round "4.59"]
[White "Berkes, Jörg"]
[Black "Müller, Gerhard"]
[Result "0-1"]
[WhiteElo "1789"]
[BlackElo "1938"]
[PlyCount "84"]
[EventDate "2015.??.??"]
[WhiteTeam "SK Langen"]
[BlackTeam "SV Mainz-Mombach"]

1. Nf3 d6 2. g3 Nf6 3. Bg2 g6 4. d3 Bg7 5. O-O O-O 6. e4 Nbd7 7. c3 c6 8. Nh4
e5 9. f4 Qc7 10. Bf3 d5 11. Be3 Re8 12. f5 b6 13. Qd2 dxe4 14. dxe4 Nc5 15.
Bxc5 bxc5 16. Qe3 Ba6 17. Rd1 Rad8 18. Na3 Qb6 19. Qf2 Bd3 20. Re1 c4 21. Qxb6
axb6 22. Kf2 Bf8 23. Nb1 Bc5+ 24. Kg2 g5 25. g4 gxh4 26. g5 Nd7 27. b4 Bf8 28.
Kh3 f6 29. Rg1 fxg5 30. Rxg5+ Kh8 31. Bh5 Be7 32. Bxe8 Bxg5 33. Bxd7 Rxd7 34.
Nd2 Bxd2 35. Kxh4 h6 36. a4 Bg5+ 37. Kg4 Be2+ 38. Kg3 Be3 39. h4 Rg7+ 40. Kh3
Bf4 41. a5 Bf3 42. Ra2 Bxe4 0-1